000
00317nam a2200145Ia 4500
008
150201s2014 xx 000 0 und d
082
_a
614.88
_b
F14A
100
_a
ANAND, N.K.
245
_a
FIRST AID
250
_a
2ND
260
_b
AITBS
_a
DELHI
_c
2014
300
_a
235
650
_a
FIRST AID
942
_2
ddc
_c
BK
_0
1
999
_c
2288
_d
2288